|
|
|
|
| LEADER |
00000nam a2200000 a 4500 |
| 005 |
20111222145630.0 |
| 007 |
cr|||| |||| |
| 008 |
041228s2004 sp |||||| |00| ||spa|c |
| 020 |
|
|
|a 8495748533
|
| 035 |
|
|
|a 2580
|
| 040 |
|
|
|d vLex
|
| 090 |
|
|
|c 2860
|d 2860
|
| 100 |
1 |
|
|a Reig Reig, Jos ̌Vicente
|
| 245 |
1 |
0 |
|a Estudio sobre la ley orgǹica 15/2003, de 25 de noviembre
|h [Recurso electrn̤ico] :
|b su incidencia en el libro I del Cd̤igo Penal /
|c Jos ̌Vicente Reig Reig
|
| 256 |
|
|
|a Servicio en ln̕ea
|
| 260 |
|
|
|a Madrid :
|b Dijusa,
|c 2004
|
| 300 |
|
|
|a 1 recurso electrn̤ico
|
| 506 |
1 |
|
|a Contenido solo disponible en los productos indicados
|d vLex Global
|d vLex Global (Academic Edition, excluding Law Schools)
|d vLex Global (U.S. Academic Edition, Law Schools)
|d vLex Global (U.S. Academic Edition, excluding Law Schools)
|d vLex Global (Academic Edition, Law Schools)
|
| 650 |
0 |
4 |
|a Derecho penal
|z Espaą
|
| 650 |
0 |
4 |
|a Penas
|z Espaą
|
| 740 |
0 |
|
|a vLex Libros (Servicio en ln̕ea)
|
| 856 |
4 |
0 |
|u http://vlex.com/source/estudio-sobre-ley-organica-15-2003-25-noviembre-incidencia-libro-i-ccdigo-penal-2580
|z Acceso restringido
|
| 942 |
|
|
|c BOOK
|
| 999 |
0 |
|
|a Criminal law
|